000 00814nam a2200301 a 4500
003 AR-BaBNM
005 20251128210333.0
008 082120s2002 ||||||||||||||000 | spa||
020 _a84-7506-400-0
040 _cAR-BaBNM
100 1 _aPérez Galdós, Benito
245 0 0 _aNovelas contemporáneas
_bLa de Bringas ; Lo prohibido
_n5 ;
260 _aMadrid
_bTurner Libros
_c1994
300 _axix, 678 p.
490 0 _aBiblioteca Castro
_vv. 30
650 4 _aLITERATURA ESPAÑOLA
650 4 _aSIGLO DIECINUEVE
650 4 _aESCRITORES
650 4 _aANTOLOGIAS
650 4 _aFILOSOFIA LITERARIA
653 _aNARRATIVA
653 _aNATURALISMO
655 _aLITERATURA
700 1 _aYnduráin, Domingo
_eeditor
800 1 _aArroyo Stephens, Manuel
_eeditor
942 _cBK
998 _cMARTIN
999 _c15022
_d15022